| 000 | 00330nam a22001337a 4500 | ||
|---|---|---|---|
| 020 | _a9780470405383 | ||
| 082 |
_a628.168 _bHOW/PR |
||
| 100 |
_aHowe,Kerry J. _9599 |
||
| 100 |
_aHand,David W. _9600 |
||
| 245 | _aPrincioles of Water Treatment | ||
| 260 |
_aNew Jersey _bJohn Wiley & Sons, Inc. _c2012 |
||
| 300 | _a654 | ||
| 942 | _cBK | ||
| 999 |
_c14376 _d14376 |
||